01995cam a22005054i 4500003000900000005001700009008004100026020001500067035002700082040003300109049000900142082002500151100002900176245006500205264005400270300004400324336002100368337002500389338002300414504004500437505014400482526001000626526001000636526000900646526000900655526000900664526000900673526000900682526000900691526000900700526000800709526000800717526000800725526000800733526000800741650006000749910001800809942001400827949020000841994001401041596000601055999022501061980005501286952014801341PE-LiUPU20250731165648.0150616s r 000 0 d a0195112156 a(Sirsi) i9780195112153 aPE-LiUPUbspacPE-LiUPUerda aPRUA04a913.095603ebA152211 aMeyers, Eric M.,eautor.14aThe Orford Encyclopedia of Archaeology in the Near East.n1. 1aNew York :bOxford University Press, Inc.,c1997. a492 páginas :bil ;c29 centímetros atext2rdacontent aunmediated2rdamedia avolume2rdacarrier aBibliografía al final de cada palabra.0 aThe Oxford encyclopedia of archaeology in the near east.- Appendix 1: egiptian Aramaic Texts.- Appendix 2: chronologies.- Appendix 3: maps. aSEG44 aSEG26 aP151 aP150 aP149 aP146 aP145 aP126 aP125 aP92 aP75 aP74 aP27 aP1504aARQUEOLOGIA - CERCANO ORIENTE - ENCICLOPEDIAS (A-CHUE). ajckbjvqcjck 2ddccBOOK aRC 913.095603E A15 1wDEWEYc1i42952lCCODEBUL1mBULr0sYtBOOKu2015-6-16xTEOLOGIAzUNKNOWN0COMPRAo.CIRCNOTE. No olvidar cambiar la fecha de devolución!!!!!!!o.STAFF. Colección General aC0bPEPRU a1 aRC 913.095603E A15 1wDEWEYc60920i42952f2021-11-8g5lCCODEBUL1mBULr1sYtBOOKu2015-6-16xTEOLOGIAzUNKNOWN0COMPRAo.CIRCNOTE. No olvidar cambiar la fecha de devolución!!!!!!!o.STAFF. Colección Generald60920 81gALBERTO SANCHEZ Responsable de Automatización r2025-12-02 00:00:00i6l0oRC 913.095603E A15 1p42952te1w2015-06-16xFACIHEDyREF102ddc50718REFfP14aBULbBULcREFd2015-06-16eCOMPRA